000 00701nam a2200229Ia 4500
003 GCL
008 140319s9999 xx 000 0 ara d
040 _aGCL /
_cGCL
082 0 4 _a636.1
_bإ أ
100 1 _aسامر زيتون
245 1 0 _aالاحصنة /
_cسامر زيتون
700 1 _aإدواردس، إيلوين هارتلى
700 1 _aلانجريش، بوب
250 _aالاولى
260 _aالقاهرة :
_bمكتبة مدبولى ،
_c2006
300 _a256 ص ؛
_c24 سم
650 0 4 _aالخيل
650 0 4 _aالخيل - العادات والسلوك
650 0 4 _aالخيل - فسيولوجيا
650 0 4 _aالخيل - تدريب
942 _2ddc
_cBK
999 _c9480
_d9480